| 000 | 00455nam a2200169Ia 4500 | ||
|---|---|---|---|
| 003 | OSt | ||
| 005 | 20260309123358.0 | ||
| 008 | 211028s2011 xx 000 0 und d | ||
| 040 | _cAIMIT LIBRARY | ||
| 041 | _aeng | ||
| 100 |
_aSharief, Mohammed; B L, Srinivas. _g81761 _93489 |
||
| 110 |
_aSuchetha Vijayakumar. _93490 |
||
| 245 | _aCreative express data migration / | ||
| 260 |
_aBangalore _c2011 |
||
| 710 |
_aMetric Stream _93491 |
||
| 942 |
_2ddc _cPRO |
||
| 999 |
_c217249 _d217249 |
||